000 00364nam a2200133Ia 4500
008 190216s9999||||xx |||||||||||||| ||und||
100 _a"Srivastava. Uk , Shenoy. G.V And Sharma. Sc"
245 0 _aQuantitatvie Techniques For Managerial Decisions
250 _a2nd Ed.
260 _bKing`S Books Delhi
_c1996
300 _a942
650 _aCommerce
942 _cBK
999 _c5613
_d5613